000
00227nam a22001217a 4500
040
_c
SK
082
_a
612
100
_a
NA
245
_a
Essentials of pump technology
260
_a
JAPAN
_b
NA
_c
NA
300
_a
78p.
942
_c
EK
999
_c
8807
_d
8807